00473nmm a2200169Ia 4500008004100000020001800041041000800059100001800067245003800085264003900123300001800162490002600180650002200206856005100228942000700279999001700286251105s9999||||xx |||||||||||||||||und|| a9788446045786 aspa aRoss, Kristin 0aEl surgimiento del espacio social a[Madrid, España] :bAkal, c2018 a256 páginas aPensamiento crítico aHistory of Europe uhttps://public.digitaliapublishing.com/a/55175 cCF c83119d83119